| 000 | 00370nam a2200169Ia 4500 | ||
|---|---|---|---|
| 100 | _aJoshi/P.H | ||
| 650 | _aPress tools | ||
| 942 | _cBK | ||
| 366 | _f17.5 | ||
| 654 | _apress tools | ||
| 245 | _aPress tools:Design and construction | ||
| 260 |
_bS.Chand and Co. _aMumbai _c2008 |
||
| 082 |
_a671.33/JOS _bJOS |
||
| 300 | _a400 | ||
| 546 | _aENGLISH | ||
| 999 |
_c33824 _d33824 |
||